000 00640nam a22002412a 4500
999 _c8109
_d8109
001 8109
003 BD - JhCC
005 20180218185453.0
008 500101s1971 enka j 001 0 eng d
020 _a0602212375 (pbk.)
035 _a(BD - JhCC)8109
040 _aEUT
_cEUT
_dEQO
_dBD - JhCC
041 _aeng
082 _bASH 1971
100 1 _aAshton, E. T.
_q(Elwyn Thomas)
245 1 0 _aPeople and leisure /
_cE.T. Ashton ; illustrated by George Adamson
260 _aLondon :
_bGinn,
_c1971
300 _a81 p. :
_bill. ;
_c21 cm
500 _aIncludes index
830 4 _aThe world today
942 _2ddc
_cBK